Antigua and Barbuda Parish Quiz - Statistics

General Stats
  • This quiz has been taken 27 times
  • The average score is 6 of 8
Answer Stats
Largest City Parish % Correct
Codrington Barbuda
89%
______ St. John
89%
Barnes Hill St. George
78%
Bolans St. Mary
72%
English Harbour St. Paul
72%
Freemans Village St. Peter
67%
Willikies St. Philip
67%
Uninhabited Redonda
39%
No matching quizzes found
Score Distribution
Percent of People with Each Score
Percentile by Number Answered
Your Score History
You have not taken this quiz